000 00463nam a2200169Ia 4500
001 71074
008 160226s9999 xx 000 0 und d
020 _a9781111313784
040 _cPK-LaUMT
082 _a 616.855
_bBLE-M
100 _aBleile, Ken M.
245 4 _aThe manual of speech sound disorders
_ba book for studnets & clinicians
_cBleile, Ken M.
260 _aStamford,USA:
_bCengage Learning,
_c2015
300 _a451 p.
546 _aEN
942 _cBK
999 _c83477
_d83477